| 000 | 00499nam a2200169Ia 4500 | ||
|---|---|---|---|
| 003 | IN-BaIIA | ||
| 008 | 211028s9999 xx 000 0 eng d | ||
| 020 | _a0-7906-1172-4 | ||
| 040 | _cIIA Library | ||
| 080 |
_a52-77 _bCAR |
||
| 100 |
_aCarr, Joseph J. _930761 |
||
| 245 | 0 |
_aRadio science observing _bvol. 2 _cJoseph J. Carr |
|
| 260 |
_aIndianapolis _bPrompt Publications _c1999 |
||
| 300 | _axiv, 418p. | ||
| 650 |
_aRadio science _95263 |
||
| 942 | _cBK | ||
| 999 |
_c16560 _d16560 |
||